000 00726nam a2200241 i 4500
001 C2-0327464
003 PPAK
005 20180728125104.0
008 140616s2012 my |||| ||||| | may d
020 _a9789675218163
040 _aPPAK
_beng
_cPPAK
_erda
082 0 4 _a297.577
_223
090 0 0 _a297.577
_bMUS
_dG
100 0 _aMusa Ahmad Olga,
_eauthor
245 1 0 _aPesona didik anak cara sunnah
264 1 _aJohor Bahru, Johor :
_bPustaka Azhar ,
_c2012
300 _axii, 227 pages ;
_c23 cm.
336 _2rdacontent
_atext
337 _2rdamedia
_aunmediated
338 _2rdacarrier
_avolume
650 1 0 _aChild rearing - Religious aspects - Islam. ; Parenting - Religious aspects - Islam.
942 _ddc
_cB
999 _c127013
_d127013